| 000 -CABECERA (24) |
| Campo de control interno |
02608nam a22002774a 4500 |
| 003 - IDENTIFICADOR DE CONTROL |
| Campo control |
BOLpUSFA |
| 005 - FECHA Y HORA DE CATALOGACION |
| Campo de control |
20260420173807.0 |
| 008 - ELEMENTOS DE LONGITUD FIJA - INFORMACIÓN GENERAL |
| Campo de control de longitud fija |
t bo grm 001 | spa|| |
| 040 ## - Origen de la Catalogacion |
| Origen de la Catalogacion |
BOLpUSFA |
| 041 ## - Código de idioma (R) |
| Código de lengua del texto/banda sonora o título independiente (R) |
spa |
| 044 ## - Código de país de la publicación |
| Codigo de pais MARC |
BO |
| 082 ## - Número de la Clasificación Decimal Dewey |
| Número de la Clasificación Decimal Dewey |
ADM0040 |
| Codigo Cutter |
D693aPG |
| 100 ## - Autor Personal |
| Autor Personal |
Dorado Mollo, Yecid Alfredo |
| 245 ## - Titulo |
| Titulo |
Análisis de factibilidad para la creación de una Empresa Courier en el Aeropuerto Internacional de El Alto |
| 260 ## - Editorial |
| Ciudad |
El Alto: |
| Nombre de la Editorial |
Universidad Privada San Francisco de Asís. Carrera de Administración de Empresas, |
| Fecha |
2025 |
| 300 ## - Descripcion |
| Extension |
162 p. |
| 502 ## - Nota de Tesis |
| Nota de Tesis |
Modalidad: Proyecto de Grado - <br/>Tutor: Ing. Carlos Eduardo Villarroel Prieto |
| 520 ## - Resumen |
| Resumen |
El presente estudio analiza la factibilidad de crear una empresa de courier aéreo, en <br/>el Aeropuerto Internacional de El Alto, ante una situación de monopolio que limita la <br/>competencia y eleva los costos logísticos en la región. Actualmente, una sola empresa <br/>opera con control absoluto del servicio Courier, lo que restringe la oferta, afecta la <br/>calidad del servicio y dificulta el crecimiento de las empresas locales. Esta <br/>problemática se enmarca en una estructura aeroportuaria nacional altamente <br/>concentrada en manos del Estado, con entidades como SABSA, NAABOL, ATT y la <br/>aerolínea estatal BOA dominando el mercado. <br/><br/>El objetivo general fue evaluar la viabilidad técnica, legal, económica y comercial para <br/>establecer una empresa Courier aérea. Como objetivos específicos, se desarrolló un <br/>estudio de mercado para identificar la demanda, se diseñó un modelo de gestión <br/>administrativa y se propusieron estrategias de marketing basadas en la mezcla de <br/>servicios (7Ps). <br/><br/>La metodología aplicada combinó investigación documental, análisis de mercado, <br/>entrevistas con actores clave y evaluación financiera mediante indicadores como el <br/>VAN (Bs. 66,072.40) y la TIR (57%), con una tasa de descuento del 20%. <br/>Los resultados demuestran que el proyecto es económicamente rentable y responde <br/>a una necesidad real del entorno empresarial de El Alto y La Paz. Se concluye que la <br/>implementación de una empresa Courier aérea permitiría mejorar la eficiencia <br/>logística, reducir la dependencia de un único operador y fomentar un entorno más <br/>competitivo en el sector. <br/> |
| 650 ## - Temas - Descriptores |
| Temas - Descriptores |
Administración de Empresas |
| 650 ## - Temas - Descriptores |
| Temas - Descriptores |
Proyecto de Grado |
| 650 ## - Temas - Descriptores |
| Temas - Descriptores |
Estudio de factibilidad |
| 650 ## - Temas - Descriptores |
| Temas - Descriptores |
Empresa de correo |
| 650 ## - Temas - Descriptores |
| Temas - Descriptores |
Correos |
| 651 ## - Punto de acceso adicional de materia - Nombre geográfico (R) |
| Nombre geográfico (NR) |
El Alto |
| 942 ## - ELEMENTOS DE KOHA |
| Esquema de Clasificaci |
|
| Tipo de Documento |
Tesis |
| Catalogador |
LLO |